| 000 | 01154nam a2200241Ia 4500 | ||
|---|---|---|---|
| 999 |
_c56082 _d56082 |
||
| 001 | 23182 | ||
| 003 | GE_BSU | ||
| 005 | 20230719155117.0 | ||
| 008 | 181216s1951||||ge |||||||||||||| ||geo|| | ||
| 040 | _cGE_BSU | ||
| 041 | _ageo | ||
| 080 | _a821.111-22 შ-56 | ||
| 100 |
_aშექსპირი, უილიამ _919445 |
||
| 245 |
_aრომეო და ჯულიეტა ; ვენეციელი ვაჭარი / _cუილიამ შექსპირი ; თარგმ. ინგლისურიდან და წინასიტყვაობა ვახტანგ ჭელიძისა ; რედ. ა. ჭეიშვილი. |
||
| 264 |
_aთბილისი : _bსაბლიტგამი, _c1951. |
||
| 300 |
_a280 გვ. ; _c22 სმ. |
||
| 541 | _h2 ლ. 40თ. | ||
| 653 | _aრომეო და ჯულიეტა | ||
| 653 | _aვენეციელი ვაჭარი | ||
| 700 |
_aჭელიძე, ვახტანგ _eმთარგმნელი _919446 |
||
| 700 |
_aჭეიშვილი, ა. _eრედაქტორი _916271 |
||
| 942 |
_cBK _2udc |
||